PHYSICAL CHEMISTRY OF IRON AND STEEL MANUFACTURE (Record no. 584824)

000 -LEADER
fixed length control field 00261nam a22001097a 4500
082 ## - DEWEY DECIMAL CLASSIFICATION NUMBER
Classification number 541.3 BOD'P
100 ## - MAIN ENTRY--PERSONAL NAME
Personal name BODSWORTH, C
9 (RLIN) 79831
245 ## - TITLE STATEMENT
Title PHYSICAL CHEMISTRY OF IRON AND STEEL MANUFACTURE
260 ## - PUBLICATION, DISTRIBUTION, ETC.
Place of publication, distribution, etc. LONDON
Name of publisher, distributor, etc. ELBS
Date of publication, distribution, etc. 1963
300 ## - PHYSICAL DESCRIPTION
Extent 497P
942 ## - ADDED ENTRY ELEMENTS (KOHA)
Koha item type Book
Holdings
Withdrawn status Lost status Damaged status Not for loan Permanent Location Current Location Shelving location Date acquired Total Checkouts Full call number Barcode Date last seen Price effective from Koha item type
        College of Electrical & Mechanical Engineering (CEME) College of Electrical & Mechanical Engineering (CEME) General Stacks 07/05/2017   541.3 BOD'P CEME-6206 06/28/2021 06/28/2021 Book
© 2023 Central Library, National University of Sciences and Technology. All Rights Reserved.